Religión primer curso o Elementos de Religión

Saved in:
Bibliographic Details
Main Author: Edelvives Autor
Format: Unknown
Language:Spanish
Published: 1-Zaragoza,España Luis Vives S A c1944
Textbook Catalogue:MANES:  Library Catalog Search Result
Textbook Classification:
Series:Colección de Textos Escolares Edelvives o FTD
Tags: Add Tag
No Tags, Be the first to tag this record!
Added to:2016-04-26

MARC

LEADER 000000000a22000000004500
001 14199
003 OSt
008 160427s sp ||||| |||| 00| 0 spa d
041 1 |a spa 
040 |c centro_manes 
691 7 |a PRI 
100 1 |a Edelvives  |b Autor  |9 3255 
245 0 0 |a Religión primer curso o Elementos de Religión 
260 3 |a 1-Zaragoza,España  |b Luis Vives S A  |c c1944 
300 |a 164 p.  |c 21 x 15 cm. 
440 |a Colección de Textos Escolares Edelvives o FTD  |9 9131 
500 |a Nihil Obstat Huesca, 1 de julio de 1944. El libro consta de tres partes: 1ª Verdades que hemos de creer; 2ª Deberes que hemos de cumplir y 3ª Medios de santificación. 
690 7 |a RyM 
942 |2 ddc  |c BK 
999 |c 20173  |d 20173 
999 |c manes:20173  |d 20173